Cruise Ships - MSC Cruises - Statistics

General Stats
  • This quiz has been taken 113 times
  • The average score is 12 of 22
Answer Stats
Year Built Class Answer % Correct
2006 Musica MSC Musica
89%
2008 Fantasia MSC Fantasia
88%
2003 Lirica MSC Lirica
88%
2017 Seaside MSC Seaside
88%
2022* World MSC World Europa*
87%
2017 Meraviglia MSC Meraviglia
86%
2021 Seaside EVO MSC Seashore
69%
2018 Seaside MSC Seaview
65%
2004 Lirica MSC Opera
57%
2022* Seaside EVO MSC Seascape*
56%
2019 Meraviglia-Plus MSC Grandiosa
50%
2023* Meraviglia-Plus MSC Euribia*
49%
2019 Meraviglia MSC Bellissima
48%
2007 Musica MSC Orchestra
48%
2010 Musica MSC Magnifica
45%
2001 Lirica MSC Armonia
44%
2012 Fantasia MSC Divina
44%
2013 Fantasia MSC Preziosa
40%
2021 Meraviglia-Plus MSC Virtuosa
36%
2009 Fantasia MSC Splendida
33%
2008 Musica MSC Poesia
15%
2002 Lirica MSC Sinfonia
15%
No matching quizzes found
Score Distribution
Percent of People with Each Score
Percentile by Number Answered
Your Score History
You have not taken this quiz